| 000 | 00905nam a22002777a 4500 | ||
|---|---|---|---|
| 005 | 20251212135228.0 | ||
| 008 | 251212b |||||||| |||| 00| 0 eng d | ||
| 017 | _aLD.8122 | ||
| 018 | _a2025 | ||
| 020 | _a9789786935119 | ||
| 040 |
_aNLN _bEnglish _eAACR2 |
||
| 050 |
_aDT515.83.A312 _bA312 |
||
| 082 | _a923.4669 | ||
| 100 |
_aAJAH, Moses N. _eaut _969073 |
||
| 245 |
_aHeartbeats of half a century / _cMoses N. Ajah and Veronica Uchechi Ajah |
||
| 260 |
_a[S.l.] : _bSlim Fingers, _c2025 |
||
| 300 |
_aix, 147p. : _bCol. ill. col. ports. ; 20cm. |
||
| 500 | _aBibliography : p. 143 | ||
| 563 | _a(pbk.) | ||
| 650 |
_aAjah, Maryrose Ogechukwu, 1975- _969074 |
||
| 650 |
_aLawyers _vNigeria _xBiography _927625 |
||
| 650 |
_aAnyaegbu, Mathew Chinonye, 1935-2018 _969075 |
||
| 650 |
_aAnyaegbu, Ezinne Angela Akuchukwu, 1950- _969076 |
||
| 700 |
_aAjah, Veronica U. _ectb _969077 |
||
| 942 |
_cBK _n0 |
||
| 999 |
_c34041 _d34041 |
||